000 01004cab a2200265 4500
001 ABS46203
008 090401t1992 xxu||||| |||| 00| 0 eng d
035 _a(Sirsi) u57145
041 _aeng
100 _aMynors, C.
245 _aConservation areas
260 _c1992
350 _a0
490 _aSolicitors` Journal
_v136(15) 17 April 1992, 361-362(2)
520 _aExamines recent decisions, where provisions of Planning (Listed Buildings) (Conservation Areas) Act 1990 s72 for protection from development in conservation areas have been considered, notably "Bath Society v SoS for the Environment" and "South Lakeland DC v SoS for the Environment".
650 _aBATH SOCIETY V SOS ENVIRONMENT
650 _aCHANGE OF USE
650 _aCONSERVATION AREAS
650 _aPLANNING (LISTED BUILDINGS) (CONSERVATION AREAS) ACT 1990 S72
650 _aPLANNING PERMISSION
650 _aSOUTH LAKELAND DC V SOS FOR THE ENVIRONMENT
690 _aCON
942 _n0
948 _c04/03/1997
999 _c34821
_d34821